| 000 | 00680nam a2200217Ii 4500 | ||
|---|---|---|---|
| 003 | JO-AjNU | ||
| 008 | 230606s9999||||xx |||||||||||||| ||und|| | ||
| 020 | _a0-333-55344-6 | ||
| 040 |
_aJO-AjNU _beng _erda _cJO-AjNU |
||
| 041 | _aeng | ||
| 050 | 1 | 4 | _aPR6023.A93.S6 1990 |
| 100 | 3 |
_aLawrence، D. H. ؛ Edited James Gibson, Angele Botos Samaan, _eauthor _95462 |
|
| 245 | 0 | 0 | _a Sons and Lovers |
| 250 | _a1 ed | ||
| 264 | 3 | 1 | _aLondon: Macmillan Classics, 1990 |
| 300 | _a434p | ||
| 336 |
_atext _btxt _2rdacontent |
||
| 337 |
_aunmediated _bn _2rdamedia |
||
| 338 |
_avolume _bnc _2rdacarrier |
||
| 650 | 4 |
_aLawrence d.h.(david harbart ) 1885-1930. sons and lovers. _95463 |
|
| 999 |
_aE2823 _c2821 _d2821 |
||